|
|
|
|
| LEADER |
01830nam a2200421 a 4500 |
| 001 |
EBC322540 |
| 003 |
MiAaPQ |
| 005 |
20200520144314.0 |
| 006 |
m o d | |
| 007 |
cr cn||||||||| |
| 008 |
060918s2006 caua sb 000 0 eng |
| 010 |
|
|
|z 2006030353
|
| 020 |
|
|
|z 0833039768 (pbk. : alk. paper)
|
| 020 |
|
|
|z 9780833039767
|
| 035 |
|
|
|a (MiAaPQ)EBC322540
|
| 035 |
|
|
|a (Au-PeEL)EBL322540
|
| 035 |
|
|
|a (CaPaEBR)ebr10225472
|
| 035 |
|
|
|a (OCoLC)290604909
|
| 040 |
|
|
|a MiAaPQ
|c MiAaPQ
|d MiAaPQ
|
| 043 |
|
|
|a e-ru---
|
| 050 |
|
4 |
|a HC340.12
|b .W66 2006
|
| 082 |
0 |
4 |
|a 330.947
|2 22
|
| 100 |
1 |
|
|a Wolf, Charles,
|d 1924-
|
| 245 |
1 |
0 |
|a Russia's economy
|h [electronic resource] :
|b signs of progress and retreat on the transitional road /
|c Charles Wolf, Jr., Thomas Lang.
|
| 260 |
|
|
|a Santa Monica, CA :
|b RAND,
|c 2006.
|
| 300 |
|
|
|a xviii, 54 p. :
|b ill. (some col.).
|
| 500 |
|
|
|a "MG-515-OSD."
|
| 500 |
|
|
|a "Prepared for the Office of the Secretary of Defense."
|
| 504 |
|
|
|a Includes bibliographical references (p. 53-54).
|
| 505 |
0 |
|
|a Introduction. Transitional economies ; This report -- The macroeconomy -- Oil and natural gas : prices, production, and exports -- Markets and reform -- International transactions -- Russian military spending -- Conclusions and implications.
|
| 533 |
|
|
|a Electronic reproduction. Ann Arbor, MI : ProQuest, 2015. Available via World Wide Web. Access may be limited to ProQuest affiliated libraries.
|
| 651 |
|
0 |
|a Russia (Federation)
|x Economic conditions
|y 1991-
|
| 651 |
|
0 |
|a Russia (Federation)
|x Economic policy
|y 1991-
|
| 655 |
|
4 |
|a Electronic books.
|
| 700 |
1 |
|
|a Lang, Thomas,
|d 1975-
|
| 710 |
1 |
|
|a United States.
|b Dept. of Defense.
|
| 710 |
2 |
|
|a ProQuest (Firm)
|
| 856 |
4 |
0 |
|u https://ebookcentral.proquest.com/lib/matrademy/detail.action?docID=322540
|z Click to View
|